000 00543nam a2200193Ia 4500
005 20250312035002.0
008 240331s9999 xx 000 0 und d
020 _a0802081355
082 _bSMI
_24428
_a301.01
100 _aSmith, D.E
245 0 _aWriting the Social:
_bCritique, Theory, and Investigations
260 _aToronto;
_aBuffalo;
_aLondon,
_bUniversity of Toronto Press Incorporated
_c1999
300 _a307 p.,
650 _aFeminism
650 _aPostmodernism
650 _aSocial Science
650 _aPolitical
942 _cL
999 _c2641
_d2641